[Event "ENCI Limburg-open A"]
[Site "Maastricht"]
[Date "2008.05.10"]
[Round "2"]
[White "Nijboer, Friso"]
[Black "Broekmeulen, Jasper"]
[Result "1-0"]
[WhiteElo "2558"]
[BlackElo "2322"]
[PlyCount "60"]
[EventDate "2008.05.09"]
[EventType "swiss"]
[EventRounds "7"]
[EventCountry "NED"]
[Source "P.Boonen"]
[SourceDate "2010.01.01"]

1. e4 e5 2. Nf3 d6 3. d4 exd4 4. Nxd4 Nf6 5. Nc3 Be7 6. Bf4 O-O 7. Qd2 d5 8.
Ndb5 c6 9. Nc7 d4 10. Nxa8 dxc3 11. Qxd8 Rxd8 12. bxc3 Nxe4 13. Bd3 Bd6 14.
Bxd6 Nxd6 15. O-O-O Kf8 16. Rhe1 Nd7 17. Nc7 Nf6 18. c4 b6 19. c5 bxc5 20. Ba6
Nd5 21. Nxd5 cxd5 22. Bxc8 Nxc8 23. c4 Nb6 24. cxd5 Rxd5 25. Rxd5 Nxd5 26. Kc2
Nf4 27. g3 Ne6 28. Kd3 Ke7 29. Re4 Kd6 30. Ra4 Kd5 1-0

[Event "ENCI Limburg-open A"]
[Site "Maastricht"]
[Date "2008.05.10"]
[Round "2"]
[White "Nijs, Nils"]
[Black "Singh, Marcel"]
[Result "1-0"]
[WhiteElo "2101"]
[BlackElo "1908"]
[PlyCount "59"]
[EventDate "2008.05.09"]
[EventType "swiss"]
[EventRounds "7"]
[EventCountry "NED"]
[Source "P.Boonen"]
[SourceDate "2010.01.01"]

1. d4 d5 2. c4 c6 3. Nc3 Nf6 4. Bg5 e6 5. e3 Nbd7 6. cxd5 exd5 7. Bd3 Bd6 8.
Qc2 h6 9. Bh4 O-O 10. Nge2 Re8 11. Bg3 Bf8 12. Bh4 Bd6 13. O-O-O Qa5 14. g4 g5
15. Bg3 Bxg3 16. Nxg3 Nf8 17. Nf5 Bxf5 18. Bxf5 Kg7 19. h4 Ng6 20. Bxg6 fxg6
21. h5 gxh5 22. gxh5 Ne4 23. f3 Nxc3 24. Qg6+ Kh8 25. Qxh6+ Kg8 26. Qg6+ Kh8
27. Qf6+ Kg8 28. h6 Ne2+ 29. Kb1 Qc7 30. h7+ 1-0

[Event "ENCI Limburg-open A"]
[Site "Maastricht"]
[Date "2008.05.10"]
[Round "2"]
[White "Obels, Jiri"]
[Black "Van Kerkhof, David"]
[Result "0-1"]
[WhiteElo "2024"]
[BlackElo "2226"]
[PlyCount "66"]
[EventDate "2008.05.09"]
[EventType "swiss"]
[EventRounds "7"]
[EventCountry "NED"]
[Source "P.Boonen"]
[SourceDate "2010.01.01"]

1. e4 c5 2. Nf3 Nc6 3. d4 cxd4 4. Nxd4 Nf6 5. Nc3 e5 6. Ndb5 d6 7. Bg5 a6 8.
Na3 b5 9. Bxf6 gxf6 10. Nd5 Bg7 11. Bd3 Ne7 12. Nxe7 Qxe7 13. O-O O-O 14. Qf3
f5 15. c4 b4 16. Nc2 f4 17. Nxb4 Rb8 18. Nd5 Qg5 19. Qe2 Re8 20. f3 Re6 21. Rf2
Rh6 22. Qf1 Qh4 23. h3 Qg3 24. Ne7+ Kh8 25. Nxc8 Rxh3 26. Rd2 Bf6 27. Qf2 Qh2+
28. Kf1 Bh4 29. Qg1 Rxf3+ 30. gxf3 Qxd2 31. Be2 Rxb2 32. Qg2 Rc2 33. Kg1 Qxe2
0-1

[Event "ENCI Limburg-open A"]
[Site "Maastricht"]
[Date "2008.05.10"]
[Round "2"]
[White "Oosterman, Maarten Jan"]
[Black "Vogel, Jaap"]
[Result "0-1"]
[WhiteElo "2013"]
[BlackElo "2254"]
[PlyCount "80"]
[EventDate "2008.05.09"]
[EventType "swiss"]
[EventRounds "7"]
[EventCountry "NED"]
[Source "P.Boonen"]
[SourceDate "2010.01.01"]

1. e4 e6 2. d4 d5 3. Nd2 Nf6 4. e5 Nfd7 5. Bd3 c5 6. c3 Nc6 7. Ne2 a5 8. O-O
cxd4 9. cxd4 Nb6 10. f4 g6 11. Nf3 h5 12. Nc3 Bd7 13. b3 Nb4 14. Be2 a4 15. Ba3
Ra5 16. Bxb4 Bxb4 17. Qc2 a3 18. Rac1 Qe7 19. Ng5 Ra8 20. Qd3 Rc8 21. Nb5 O-O
22. Bxh5 Bxb5 23. Qxb5 Rxc1 24. Rxc1 Bd2 25. Rf1 Bxf4 26. Qxb6 Bxg5 27. Be2 Rc8
28. Bd3 Kg7 29. Kf2 Rc6 30. Qa5 Bc1 31. g3 Bb2 32. Qe1 Bxd4+ 33. Kg2 Rc3 34.
Qe2 Qg5 35. Qf3 Rc8 36. h4 Qh6 37. g4 Qe3 38. Qd1 Bxe5 39. Rf3 Qc1 40. Qe2 Qb2
0-1

[Event "ENCI Limburg-open A"]
[Site "Maastricht"]
[Date "2008.05.10"]
[Round "2"]
[White "Peek, Maurice"]
[Black "Van den Berg, Bram"]
[Result "1-0"]
[WhiteElo "2405"]
[BlackElo "2200"]
[PlyCount "61"]
[EventDate "2008.05.09"]
[EventType "swiss"]
[EventRounds "7"]
[EventCountry "NED"]
[Source "P.Boonen"]
[SourceDate "2010.01.01"]

1. d4 d5 2. Nf3 h5 3. c4 h4 4. h3 Nf6 5. Nc3 Nc6 6. cxd5 Nxd5 7. e4 Nxc3 8.
bxc3 e6 9. Bb5 f6 10. O-O a6 11. Bxc6+ bxc6 12. Qa4 Bd7 13. Ba3 Bd6 14. Bxd6
cxd6 15. Qa3 Qc7 16. e5 dxe5 17. dxe5 c5 18. Rfe1 Kf7 19. Rad1 Bc6 20. Qxc5
Rac8 21. Qe3 Bd5 22. exf6 gxf6 23. Rxd5 exd5 24. Qe6+ Kg7 25. Qg4+ Kf7 26. Nxh4
Qxc3 27. Qd7+ Kg8 28. Re8+ Rxe8 29. Qxe8+ Kg7 30. Nf5+ Kh7 31. Qf7# 1-0

[Event "ENCI Limburg-open A"]
[Site "Maastricht"]
[Date "2008.05.10"]
[Round "2"]
[White "Pevar, Andrew"]
[Black "Schut, Lisa"]
[Result "0-1"]
[WhiteElo "1831"]
[BlackElo "2065"]
[PlyCount "50"]
[EventDate "2008.05.09"]
[EventType "swiss"]
[EventRounds "7"]
[EventCountry "NED"]
[Source "P.Boonen"]
[SourceDate "2010.01.01"]

1. e4 c5 2. Nf3 d6 3. d4 cxd4 4. Nxd4 Nf6 5. Nc3 a6 6. Be3 e5 7. Nb3 Be6 8. f3
Be7 9. Qd2 O-O 10. g4 d5 11. exd5 Nxd5 12. Nxd5 Bxd5 13. Bg2 Bh4+ 14. Bf2 Bxb3
15. Qxd8 Bxf2+ 16. Kxf2 Rxd8 17. cxb3 Rd2+ 18. Kg3 Nc6 19. Rhc1 Nd4 20. Rc7
Ne2+ 21. Kh4 g5+ 22. Kxg5 Nd4 23. Kf6 Rxg2 24. Rac1 Rf8 25. Rxb7 Nxf3 0-1

[Event "ENCI Limburg-open A"]
[Site "Maastricht"]
[Date "2008.05.10"]
[Round "2"]
[White "Pijpers, Arthur"]
[Black "Wang, Puchen"]
[Result "0-1"]
[WhiteElo "2130"]
[BlackElo "2397"]
[PlyCount "52"]
[EventDate "2008.05.09"]
[EventType "swiss"]
[EventRounds "7"]
[EventCountry "NED"]
[Source "P.Boonen"]
[SourceDate "2010.01.01"]

1. e4 c6 2. d4 d5 3. Nd2 dxe4 4. Nxe4 Bf5 5. Ng3 Bg6 6. h4 h6 7. Nf3 Nd7 8. h5
Bh7 9. Bd3 Bxd3 10. Qxd3 e6 11. Bf4 Qa5+ 12. Bd2 Bb4 13. c3 Be7 14. c4 Qc7 15.
O-O-O Ngf6 16. Kb1 O-O 17. Ne4 Rfd8 18. g3 b5 19. cxb5 cxb5 20. Nxf6+ Nxf6 21.
Qxb5 Rab8 22. Qd3 Qb6 23. Bc3 Nd5 24. Ne5 Rdc8 25. Nc4 Nxc3+ 26. Qxc3 Rxc4 0-1

[Event "ENCI Limburg-open A"]
[Site "Maastricht"]
[Date "2008.05.10"]
[Round "2"]
[White "Rademakers, Evert"]
[Black "Hermans, Chris"]
[Result "1-0"]
[WhiteElo "2092"]
[BlackElo "1866"]
[PlyCount "51"]
[EventDate "2008.05.09"]
[EventType "swiss"]
[EventRounds "7"]
[EventCountry "NED"]
[Source "P.Boonen"]
[SourceDate "2010.01.01"]

1. d4 d5 2. Nf3 c6 3. c4 a6 4. Nbd2 Nf6 5. g3 b5 6. cxb5 cxb5 7. Bg2 Bb7 8. O-O
e6 9. Ne5 Nbd7 10. Nd3 Be7 11. Nb3 Qb6 12. Bg5 O-O 13. Ne5 Bd6 14. Nd3 Ne4 15.
Be3 a5 16. f3 Nef6 17. Bf2 b4 18. Nbc5 Ba6 19. Nxa6 Qxa6 20. e4 Be7 21. e5 Ne8
22. f4 Rc8 23. f5 Nc7 24. Nf4 Kh8 25. Qh5 Rg8 26. Qxf7 1-0

[Event "ENCI Limburg-open A"]
[Site "Maastricht"]
[Date "2008.05.10"]
[Round "2"]
[White "Reyniers, Pieter"]
[Black "Bus, Tom"]
[Result "1/2-1/2"]
[WhiteElo "2028"]
[BlackElo "2252"]
[PlyCount "91"]
[EventDate "2008.05.09"]
[EventType "swiss"]
[EventRounds "7"]
[EventCountry "NED"]
[Source "P.Boonen"]
[SourceDate "2010.01.01"]

1. e4 c5 2. Nf3 Nc6 3. d4 cxd4 4. Nxd4 Nf6 5. Nc3 d6 6. Be2 e5 7. Nb3 Be7 8.
O-O O-O 9. Kh1 a5 10. a4 Nb4 11. f4 Be6 12. Be3 Qc7 13. Rc1 b6 14. Nb5 Qc6 15.
Nd2 Rab8 16. c3 Na6 17. Nxd6 Bxd6 18. Bxa6 exf4 19. Bxf4 Bxf4 20. Rxf4 Qd6 21.
Rf1 Ng4 22. e5 Qxe5 23. Nf3 Qc7 24. Qd2 Rbd8 25. Qg5 Rd5 26. Qh4 g6 27. Qg3
Qxg3 28. hxg3 Rfd8 29. Nd4 Rh5+ 30. Kg1 Bd5 31. Be2 Rg5 32. Bf3 Ne3 33. Rfe1
Nf5 34. Nxf5 Bxf3 35. Ne7+ Kf8 36. gxf3 Rd2 37. g4 h5 38. Re4 hxg4 39. fxg4 f5
40. Nxg6+ Rxg6 41. Rf4 Rxg4+ 42. Rxg4 fxg4 43. b4 Ke7 44. Rf1 axb4 45. cxb4 Ra2
46. a5 1/2-1/2

[Event "ENCI Limburg-open A"]
[Site "Maastricht"]
[Date "2008.05.10"]
[Round "2"]
[White "Rietveld, Leo"]
[Black "Clemens, Adrian HP"]
[Result "1/2-1/2"]
[WhiteElo "2033"]
[BlackElo "2326"]
[PlyCount "87"]
[EventDate "2008.05.09"]
[EventType "swiss"]
[EventRounds "7"]
[EventCountry "NED"]
[Source "P.Boonen"]
[SourceDate "2010.01.01"]

1. d4 Nf6 2. Nc3 d5 3. e4 dxe4 4. f3 exf3 5. Nxf3 g6 6. Bf4 Bg7 7. Qd2 O-O 8.
O-O-O Nbd7 9. h3 Nb6 10. Ne5 Be6 11. Bh6 a6 12. Ng4 Bxh6 13. Qxh6 Nbd5 14. Nxd5
Qxd5 15. Nxf6+ exf6 16. Bd3 Qg5+ 17. Qxg5 fxg5 18. h4 gxh4 19. Rxh4 Kg7 20. c4
c6 21. Kc2 h5 22. Be2 Rfd8 23. Kc3 Rd7 24. Rd2 Rad8 25. a4 a5 26. b4 axb4+ 27.
Kxb4 Kf6 28. Kc5 Ra8 29. Bd1 Ra5+ 30. Kb4 Rg5 31. Rf4+ Ke7 32. Bf3 Kd6 33. a5
Rf5 34. Rh4 Kc7 35. c5 Bd5 36. Bxd5 Rfxd5 37. Kc4 Re7 38. Rh1 Re4 39. Rb2 Re3
40. Ra1 Rg5 41. a6 bxa6 42. Rxa6 Reg3 43. Rf2 f5 44. Rb2 1/2-1/2

[Event "ENCI Limburg-open A"]
[Site "Maastricht"]
[Date "2008.05.10"]
[Round "2"]
[White "Ringoir, Tanguy"]
[Black "Reinderman, Dimitri"]
[Result "1-0"]
[WhiteElo "2252"]
[BlackElo "2526"]
[PlyCount "133"]
[EventDate "2008.05.09"]
[EventType "swiss"]
[EventRounds "7"]
[EventCountry "NED"]
[Source "P.Boonen"]
[SourceDate "2010.01.01"]

1. e4 g6 2. d4 Bg7 3. Nc3 d6 4. Nf3 a6 5. a4 b6 6. Be3 Bb7 7. Bc4 e6 8. d5 e5
9. Nd2 Nd7 10. O-O Ne7 11. b4 O-O 12. f3 f5 13. a5 b5 14. Bb3 f4 15. Bf2 g5 16.
Ncb1 Nf6 17. c4 Qd7 18. Nc3 g4 19. Qe2 g3 20. Be1 gxh2+ 21. Kxh2 Nh5 22. cxb5
Rf6 23. Rh1 Kh8 24. Nf1 axb5 25. Kg1 Ng3 26. Nxg3 fxg3 27. Bxg3 Ba6 28. Bh4 Rf7
29. Bxe7 Rxe7 30. Nd1 Qe8 31. Ne3 Bc8 32. Bc2 Bf6 33. Bd3 Bg5 34. Nf5 Bxf5 35.
exf5 c6 36. f6 Bxf6 37. Qe4 Qf7 38. Qf5 cxd5 39. Rh6 Rf8 40. Rxf6 Qxf6 41.
Qxf6+ Rxf6 42. a6 Rf8 43. Bxb5 Rb8 44. Bc6 Ra7 45. b5 Kg7 46. Kf2 Rb6 47. Ke3
Kf6 48. Kd3 Ke7 49. Kc3 Kd8 50. Kb4 Rxc6 51. bxc6 Kc7 52. Kb5 Ra8 53. a7 d4 54.
g4 h6 55. Ka6 d5 56. Re1 Kxc6 57. Rxe5 Rf8 58. Rf5 Re8 59. Rf6+ Kc5 60. Rxh6 d3
61. Rh1 Kb4 62. g5 d2 63. g6 Kc3 64. g7 d4 65. f4 d3 66. f5 Kc2 67. f6 1-0

[Event "ENCI Limburg-open A"]
[Site "Maastricht"]
[Date "2008.05.10"]
[Round "2"]
[White "Rose, Dominik"]
[Black "Kalla, Christian"]
[Result "1-0"]
[WhiteElo "2163"]
[BlackElo "1964"]
[PlyCount "59"]
[EventDate "2008.05.09"]
[EventType "swiss"]
[EventRounds "7"]
[EventCountry "NED"]
[Source "P.Boonen"]
[SourceDate "2010.01.01"]

1. d4 Nf6 2. c4 e6 3. Nc3 Bb4 4. f3 d5 5. g3 Bxc3+ 6. bxc3 c5 7. cxd5 exd5 8.
Qc2 O-O 9. e3 Nc6 10. Bd3 g6 11. Qf2 Re8 12. Ne2 Na5 13. Rb1 cxd4 14. cxd4 Nc4
15. Bxc4 dxc4 16. O-O Qa5 17. e4 b6 18. Bb2 Bb7 19. Bc3 Qa3 20. Rb4 Qa5 21. Ra1
Qg5 22. h4 Qh6 23. d5 Nd7 24. Rxc4 Nc5 25. Qd4 Kf8 26. Qf6 Qe3+ 27. Kf1 Nd3 28.
Bd4 Qh6 29. d6 Ne5 30. Qh8# 1-0

[Event "ENCI Limburg-open A"]
[Site "Maastricht"]
[Date "2008.05.10"]
[Round "2"]
[White "Roufs, Gerard"]
[Black "Eijk, Yuri"]
[Result "1/2-1/2"]
[WhiteElo "1879"]
[BlackElo "2012"]
[PlyCount "42"]
[EventDate "2008.05.09"]
[EventType "swiss"]
[EventRounds "7"]
[EventCountry "NED"]
[Source "P.Boonen"]
[SourceDate "2010.01.01"]

1. e4 c5 2. c3 Nf6 3. e5 Ne4 4. d4 cxd4 5. Nf3 e6 6. cxd4 b6 7. Nc3 Nxc3 8.
bxc3 Qc7 9. Bd2 d6 10. Bd3 Nd7 11. O-O dxe5 12. dxe5 Be7 13. Qe2 Bb7 14. Rfe1
Nc5 15. Bb5+ Bc6 16. Nd4 Bd7 17. Qg4 g6 18. Bh6 a6 19. Bxd7+ Nxd7 20. Qg3 Rc8
21. Rac1 Bf8 1/2-1/2

[Event "ENCI Limburg-open A"]
[Site "Maastricht"]
[Date "2008.05.10"]
[Round "2"]
[White "Sadallah, Osama"]
[Black "Van Oosterom, Chiel"]
[Result "1/2-1/2"]
[WhiteElo "2149"]
[BlackElo "2399"]
[PlyCount "111"]
[EventDate "2008.05.09"]
[EventType "swiss"]
[EventRounds "7"]
[EventCountry "NED"]
[Source "P.Boonen"]
[SourceDate "2010.01.01"]

1. d4 d5 2. c4 c6 3. cxd5 cxd5 4. Nc3 Nc6 5. Nf3 Nf6 6. Bf4 Bf5 7. e3 e6 8. Bb5
Nd7 9. O-O Be7 10. Qa4 O-O 11. a3 Nb6 12. Qd1 Rc8 13. Bd3 Bxd3 14. Qxd3 Na5 15.
Nd2 Nbc4 16. Nxc4 Rxc4 17. b4 Nc6 18. Na4 Nb8 19. Nb2 Rc6 20. Qb5 Rb6 21. Qa4
Ra6 22. Qb5 Qd7 23. Qxd7 Nxd7 24. Rfc1 Nb6 25. Nd3 Nc4 26. a4 Rc6 27. b5 Rcc8
28. Nc5 e5 29. Bg3 Bxc5 30. dxc5 f6 31. e4 Rxc5 32. exd5 Rd8 33. f4 exf4 34.
Bf2 Rcxd5 35. Bxa7 Ne5 36. h3 Rd2 37. Rf1 g5 38. a5 R8d5 39. a6 Rxb5 40. Be3
Rd8 41. a7 Ra8 42. Bf2 Kf7 43. Rfb1 Rxb1+ 44. Rxb1 Nd7 45. Rxb7 Ke6 46. Kf1 Kd6
47. Ke2 h5 48. Rb1 Kc7 49. Kd3 Re8 50. Kc4 Ne5+ 51. Kd5 Nc6 52. Bb6+ Kd7 53.
Bd4 Kc7 54. Bb6+ Kd7 55. Bd4 Kc7 56. Bb6+ 1/2-1/2

[Event "ENCI Limburg-open A"]
[Site "Maastricht"]
[Date "2008.05.10"]
[Round "2"]
[White "Schaeken, Yordi"]
[Black "Van Onzen, Jeroen"]
[Result "1/2-1/2"]
[WhiteElo "1916"]
[BlackElo "2142"]
[PlyCount "92"]
[EventDate "2008.05.09"]
[EventType "swiss"]
[EventRounds "7"]
[EventCountry "NED"]
[Source "P.Boonen"]
[SourceDate "2010.01.01"]

1. d4 Nf6 2. c4 g6 3. Nc3 Bg7 4. e4 d6 5. Nf3 O-O 6. Be2 e5 7. O-O Nc6 8. d5
Ne7 9. Ne1 Ne8 10. Be3 f5 11. f3 f4 12. Bf2 g5 13. c5 h5 14. Nd3 Ng6 15. a4 Rf7
16. cxd6 cxd6 17. Nb5 g4 18. fxg4 hxg4 19. Bxg4 Nf6 20. Bf3 a6 21. Na3 Nh7 22.
Nc4 Ng5 23. Nb6 Nxf3+ 24. Qxf3 Qg5 25. Nxc8 Rxc8 26. Rac1 Re8 27. a5 Bf8 28.
Rc2 Rh7 29. Rfc1 Nh4 30. Bxh4 Qxh4 31. g3 fxg3 32. hxg3 Qh3 33. Qg2 Qh5 34. Rc7
Bh6 35. Rxh7 Be3+ 36. Nf2 Kxh7 37. g4 Qh6 38. Rc2 Rf8 39. Qg3 Qf4 40. Qxf4 Rxf4
41. Kg2 Bxf2 42. Rxf2 Rxg4+ 43. Kf3 Rf4+ 44. Ke3 Rxf2 45. Kxf2 Kh6 46. Kg3 Kg5
1/2-1/2

[Event "ENCI Limburg-open A"]
[Site "Maastricht"]
[Date "2008.05.10"]
[Round "2"]
[White "Scheeren, Fred"]
[Black "Surewaard, Wilbert"]
[Result "0-1"]
[WhiteElo "1968"]
[BlackElo "2213"]
[PlyCount "58"]
[EventDate "2008.05.09"]
[EventType "swiss"]
[EventRounds "7"]
[EventCountry "NED"]
[Source "P.Boonen"]
[SourceDate "2010.01.01"]

1. e4 c5 2. Nf3 Nc6 3. d4 cxd4 4. Nxd4 Nf6 5. Nc3 e5 6. Ndb5 d6 7. Bg5 a6 8.
Bxf6 gxf6 9. Na3 f5 10. Bd3 Rg8 11. exf5 d5 12. Be2 Nd4 13. g4 Bxa3 14. bxa3
Qa5 15. Qd2 Bd7 16. Bd1 O-O-O 17. Ne4 Qb6 18. c3 dxe4 19. cxd4 exd4 20. Qb4 Qf6
21. Rc1+ Kb8 22. h4 Rc8 23. g5 Qe5 24. Rxc8+ Rxc8 25. O-O Bxf5 26. Qd2 Rc3 27.
Bb3 Rh3 28. f4 exf3 29. Rf2 Qg3+ 0-1

[Event "ENCI Limburg-open A"]
[Site "Maastricht"]
[Date "2008.05.10"]
[Round "2"]
[White "Schilperoort, Jeroen"]
[Black "Hoffmann, Udo"]
[Result "0-1"]
[WhiteElo "1996"]
[BlackElo "2220"]
[PlyCount "66"]
[EventDate "2008.05.09"]
[EventType "swiss"]
[EventRounds "7"]
[EventCountry "NED"]
[Source "P.Boonen"]
[SourceDate "2010.01.01"]

1. Nc3 d5 2. e3 Nf6 3. f4 c6 4. Nf3 Bg4 5. h3 Bxf3 6. Qxf3 Nbd7 7. b3 e5 8. Bb2
Qa5 9. fxe5 Nxe5 10. Qf5 Ned7 11. e4 O-O-O 12. O-O-O g6 13. Qg5 h6 14. Qf4 dxe4
15. Nxe4 Nxe4 16. Kb1 Nef6 17. Bxf6 Nxf6 18. Qxf6 Bb4 19. Bd3 Rdf8 20. Qf4 Qa3
21. Bc4 b5 22. Bd3 Bd6 23. Qf6 Kc7 24. Qb2 Qc5 25. Rhe1 Re8 26. c4 Be5 27. Qc2
Qd4 28. Rxe5 Rxe5 29. Bf1 b4 30. g4 a6 31. d3 Rhe8 32. Qh2 Kb7 33. Qg3 Re2 0-1

[Event "ENCI Limburg-open A"]
[Site "Maastricht"]
[Date "2008.05.10"]
[Round "2"]
[White "Schleipfenbauer, Frank"]
[Black "Leentjens, Gilbert"]
[Result "1/2-1/2"]
[WhiteElo "2002"]
[BlackElo "1849"]
[PlyCount "57"]
[EventDate "2008.05.09"]
[EventType "swiss"]
[EventRounds "7"]
[EventCountry "NED"]
[Source "P.Boonen"]
[SourceDate "2010.01.01"]

1. e4 e5 2. Nc3 Nc6 3. f4 exf4 4. Nf3 g5 5. h4 g4 6. Ng5 h6 7. Nxf7 Kxf7 8.
Bc4+ d5 9. Bxd5+ Ke8 10. d4 Bg7 11. Bxg8 Rxg8 12. d5 Bxc3+ 13. bxc3 Qf6 14. Qd2
f3 15. O-O Qxh4 16. Qxh6 Qxh6 17. Bxh6 Na5 18. Kf2 Nc4 19. gxf3 gxf3 20. Rg1
Bg4 21. Bf4 Kd7 22. Rab1 Raf8 23. Bg3 b6 24. Rb4 Nd6 25. e5 a5 26. e6+ Bxe6 27.
dxe6+ Kxe6 28. Bxd6 Kxd6 29. Rd4+ 1/2-1/2

[Event "ENCI Limburg-open A"]
[Site "Maastricht"]
[Date "2008.05.10"]
[Round "2"]
[White "Scholzen, Wolfgang"]
[Black "Polak, Indra"]
[Result "0-1"]
[WhiteElo "2000"]
[BlackElo "2184"]
[PlyCount "66"]
[EventDate "2008.05.09"]
[EventType "swiss"]
[EventRounds "7"]
[EventCountry "NED"]
[Source "P.Boonen"]
[SourceDate "2010.01.01"]

1. e4 c5 2. Nf3 d6 3. d4 cxd4 4. Nxd4 Nf6 5. Nc3 a6 6. Be2 e5 7. Nb3 Be7 8. O-O
O-O 9. f4 exf4 10. Bxf4 Nc6 11. Qd2 Qc7 12. Rad1 Rd8 13. Bg5 Be6 14. Bxf6 Bxf6
15. Nd5 Bxd5 16. exd5 Ne5 17. Kh1 Qe7 18. Nd4 g6 19. c4 Rac8 20. b3 Re8 21.
Rde1 Bg5 22. Qb4 Be3 23. Nc2 Bc5 24. Qd2 Qh4 25. Qf4 Qxf4 26. Rxf4 Re7 27. g3
Rce8 28. Rb1 a5 29. Kg2 Nd7 30. Bd3 Re2+ 31. Kh3 Rd2 32. Re4 Rxe4 33. Bxe4 Nf6
0-1

[Event "ENCI Limburg-open A"]
[Site "Maastricht"]
[Date "2008.05.10"]
[Round "2"]
[White "Seip, Rien"]
[Black "Van Assendelft, Floris"]
[Result "0-1"]
[WhiteElo "2026"]
[BlackElo "2250"]
[PlyCount "54"]
[EventDate "2008.05.09"]
[EventType "swiss"]
[EventRounds "7"]
[EventCountry "NED"]
[Source "P.Boonen"]
[SourceDate "2010.01.01"]

1. d4 Nf6 2. c4 c5 3. d5 b5 4. Nf3 d6 5. cxb5 a6 6. b6 Nbd7 7. Nc3 g6 8. a4 a5
9. e4 Bg7 10. Bb5 O-O 11. Bc6 Rb8 12. b7 Bxb7 13. Bxb7 Rxb7 14. Qc2 Qb6 15. Nb5
Ne8 16. Nd2 Nc7 17. Nc4 Qa6 18. Nxc7 Rxc7 19. Bd2 Ne5 20. Rc1 Rb7 21. b3 Rfb8
22. Nxe5 Bxe5 23. Qc4 Qxc4 24. bxc4 Rb2 25. Bxa5 Bf4 26. Ra1 Ra8 27. Bc7 Rb7
0-1

[Event "ENCI Limburg-open A"]
[Site "Maastricht"]
[Date "2008.05.10"]
[Round "2"]
[White "Simenon, Jozef"]
[Black "Suhbat, Orgibold"]
[Result "1-0"]
[WhiteElo "2182"]
[BlackElo "2001"]
[PlyCount "71"]
[EventDate "2008.05.09"]
[EventType "swiss"]
[EventRounds "7"]
[EventCountry "NED"]
[Source "P.Boonen"]
[SourceDate "2010.01.01"]

1. c4 Nf6 2. g3 g6 3. Bg2 Bg7 4. Nc3 O-O 5. d3 d6 6. e4 e5 7. Nge2 Nc6 8. h3
Be6 9. O-O Qd7 10. Kh2 Ne8 11. Be3 Nd4 12. Qd2 c5 13. Rab1 Rb8 14. a3 f5 15. f4
Nf6 16. exf5 gxf5 17. b4 Nxe2 18. Nxe2 cxb4 19. axb4 b6 20. Rfc1 Qf7 21. b5
Rbc8 22. Rb4 Rfe8 23. Ra4 e4 24. Nd4 exd3 25. Qxd3 Ne4 26. Nc6 Qg6 27. Bf1 Bd7
28. Rxa7 Bxc6 29. bxc6 Kh8 30. c7 h5 31. Re1 h4 32. g4 Bh6 33. g5 Bf8 34. Bxb6
Kh7 35. Re2 d5 36. Bd4 1-0

[Event "ENCI Limburg-open A"]
[Site "Maastricht"]
[Date "2008.05.10"]
[Round "2"]
[White "Skrobic, Dragan"]
[Black "Morren, Eric Jan"]
[Result "1-0"]
[WhiteElo "1918"]
[BlackElo "1804"]
[PlyCount "43"]
[EventDate "2008.05.09"]
[EventType "swiss"]
[EventRounds "7"]
[EventCountry "NED"]
[Source "P.Boonen"]
[SourceDate "2010.01.01"]

1. e4 e6 2. d4 d5 3. Nd2 Nf6 4. e5 Nfd7 5. f4 c5 6. c3 Nc6 7. Ngf3 Qb6 8. Nb3
a5 9. a4 cxd4 10. Nfxd4 Nc5 11. Bb5 Qc7 12. O-O Bd7 13. Be3 Nxd4 14. Nxd4 Ne4
15. f5 exf5 16. e6 fxe6 17. Nxe6 Qc6 18. Qxd5 Qxd5 19. Nc7+ Kd8 20. Nxd5 g6 21.
Bb6+ Kc8 22. Bd4 1-0

[Event "ENCI Limburg-open A"]
[Site "Maastricht"]
[Date "2008.05.10"]
[Round "2"]
[White "Smits, Sebastiaan"]
[Black "Dirksen, Marieke"]
[Result "1-0"]
[WhiteElo "2122"]
[BlackElo "1873"]
[PlyCount "69"]
[EventDate "2008.05.09"]
[EventType "swiss"]
[EventRounds "7"]
[EventCountry "NED"]
[Source "P.Boonen"]
[SourceDate "2010.01.01"]

1. e4 c5 2. d3 Nc6 3. f4 d6 4. Nf3 e6 5. g3 g6 6. Bg2 Bg7 7. O-O Nge7 8. c3 O-O
9. Be3 Qc7 10. d4 cxd4 11. cxd4 b6 12. Nc3 Ba6 13. Re1 Rac8 14. Rc1 Qb8 15. Qa4
Bb7 16. Bf2 Na5 17. b3 d5 18. e5 a6 19. g4 Rc6 20. Bh4 Re8 21. Bf6 Bf8 22. Ne2
Rec8 23. Rxc6 Rxc6 24. Qb4 Qc7 25. Qd2 Rc2 26. Qe3 Rxa2 27. f5 Bc8 28. Nf4 Qc2
29. Bxe7 Bxe7 30. Rc1 Ra1 31. Rxa1 Nxb3 32. Rf1 a5 33. fxe6 fxe6 34. Ne1 Qb2
35. Nxd5 1-0

[Event "ENCI Limburg-open A"]
[Site "Maastricht"]
[Date "2008.05.10"]
[Round "2"]
[White "Snoeck, Rene"]
[Black "Pastoor, Ernst Jan"]
[Result "1-0"]
[WhiteElo "1942"]
[BlackElo "1814"]
[PlyCount "51"]
[EventDate "2008.05.09"]
[EventType "swiss"]
[EventRounds "7"]
[EventCountry "NED"]
[Source "P.Boonen"]
[SourceDate "2010.01.01"]

1. d4 d6 2. c4 g6 3. Nc3 Bg7 4. e4 Nd7 5. f4 c5 6. d5 a6 7. a4 Ngf6 8. Nf3 O-O
9. Bd3 e6 10. O-O exd5 11. exd5 Re8 12. h3 Nh5 13. f5 Ng3 14. fxg6 hxg6 15. Re1
Ne5 16. Bf4 Nxd3 17. Qxd3 Rxe1+ 18. Rxe1 Nf5 19. g4 Nh4 20. Ne4 f5 21. Nxd6
Nxf3+ 22. Qxf3 fxg4 23. hxg4 Qh4 24. Bg3 Qh3 25. Qf7+ Kh7 26. Ne4 1-0

[Event "ENCI Limburg-open A"]
[Site "Maastricht"]
[Date "2008.05.10"]
[Round "2"]
[White "Soors, Stef"]
[Black "Goes, Dirk"]
[Result "1-0"]
[WhiteElo "2170"]
[BlackElo "1972"]
[PlyCount "73"]
[EventDate "2008.05.09"]
[EventType "swiss"]
[EventRounds "7"]
[EventCountry "NED"]
[Source "P.Boonen"]
[SourceDate "2010.01.01"]

1. d4 c5 2. d5 e5 3. e4 d6 4. Nc3 a6 5. a4 Be7 6. Nf3 Bg4 7. Be2 Bxf3 8. Bxf3
Bg5 9. O-O Nh6 10. g3 O-O 11. Bg2 Bxc1 12. Rxc1 Nd7 13. Qe2 Qe7 14. Rce1 Rfc8
15. Nd1 c4 16. Ne3 b5 17. Ra1 Nc5 18. axb5 axb5 19. Qd2 Rcb8 20. Ra5 Qd8 21.
Raa1 Rxa1 22. Rxa1 Ra8 23. Qe1 g6 24. f3 Kg7 25. Kf2 f5 26. exf5 gxf5 27. Rxa8
Qxa8 28. f4 Nd7 29. Qb4 Qa6 30. Bh3 Kf6 31. Ke2 Qb6 32. Qa3 Ng4 33. Bxg4 fxg4
34. Nxg4+ Kf5 35. Qf3 exf4 36. Qxf4+ Kg6 37. Qh6+ 1-0

[Event "ENCI Limburg-open A"]
[Site "Maastricht"]
[Date "2008.05.10"]
[Round "2"]
[White "Sprangers, Remco"]
[Black "Ypma, Peter"]
[Result "1-0"]
[WhiteElo "2211"]
[BlackElo "1992"]
[PlyCount "90"]
[EventDate "2008.05.09"]
[EventType "swiss"]
[EventRounds "7"]
[EventCountry "NED"]
[Source "P.Boonen"]
[SourceDate "2010.01.01"]

1. e4 e5 2. Nf3 Nc6 3. Bb5 a6 4. Ba4 Nf6 5. O-O Be7 6. Re1 b5 7. Bb3 O-O 8. h3
d6 9. c3 Na5 10. Bc2 c5 11. d4 Qc7 12. Nbd2 Bd7 13. Nf1 Rac8 14. dxe5 dxe5 15.
Ne3 Rfd8 16. Qe2 Bc6 17. Nf5 Nc4 18. b3 Nb6 19. Bg5 Re8 20. Nh2 Nbd7 21. Ng4
Bd8 22. Rad1 Re6 23. Bc1 Nxg4 24. hxg4 b4 25. c4 Be7 26. Ne3 Qd8 27. Nd5 a5 28.
Rd3 Bg5 29. Bb2 Bh6 30. Rh3 Bg5 31. Rd1 Rh6 32. Rdd3 Qe8 33. Rxh6 Bxh6 34. Rh3
Qe6 35. Rh5 f6 36. g3 Bxd5 37. exd5 Qd6 38. Bf5 Ra8 39. g5 fxg5 40. Be6+ Kh8
41. Rxh6 gxh6 42. Bxd7 Qxd7 43. Qxe5+ Kg8 44. Qh8+ Kf7 45. Qxh7+ Kf8 1-0